| 000 | 01447nam a22002417a 4500 | ||
|---|---|---|---|
| 005 | 20110509114259.0 | ||
| 010 | _aB-425457-460 | ||
| 020 |
_a9788129116161 _c995.00 |
||
| 035 | _aB-425457-460 | ||
| 037 | _bRBC/VEN | ||
| 082 | _a230.1 | ||
| 100 |
_aVarma, Ram _928204 |
||
| 245 |
_aBefore he was god: Ramayana : _b reconsidered recreated / _cRam Varma; illustrated and designed by Vandana Sehgal |
||
| 260 |
_aNew Delhi _bRupa _c2010 |
||
| 300 |
_axv, 326p. _bcol. ill. _c21 cm.(Hb) |
||
| 700 |
_aSehgal, Vandana _927880 |
||
| 942 |
_2ddc _cEN _h230.1 _mVAR |
||
| 999 |
_c52215 _d52215 |
||